Digit (Record no. 34962)

MARC details
000 -LEADER
fixed length control field 00506nam a22001697a 4500
005 - DATE AND TIME OF LATEST TRANSACTION
control field 20100331143917.0
006 - FIXED-LENGTH DATA ELEMENTS--ADDITIONAL MATERIAL CHARACTERISTICS--GENERAL INFORMATION
fixed length control field a|||||r|||||00| 0
007 - PHYSICAL DESCRIPTION FIXED FIELD--GENERAL INFORMATION
fixed length control field ta
008 - FIXED-LENGTH DATA ELEMENTS--GENERAL INFORMATION
fixed length control field 100331c xxu||||| |||| 00| 0 eng d
245 ## - TITLE STATEMENT
Title Digit
260 ## - PUBLICATION, DISTRIBUTION, ETC. (IMPRINT)
Place of publication, distribution, etc Navi Mumbai
Name of publisher, distributor, etc Nine Dot Nine Media Interactive
Date of publication, distribution, etc 2000-
300 ## - PHYSICAL DESCRIPTION
Extent v.
Dimensions cm
310 ## - CURRENT PUBLICATION FREQUENCY
Current publication frequency monthly
270 ## - ADDRESS
Address 41/13, Sector 30, Vashi
City Navi Mumbai
Postal code 400073
Telephone number 40789666
Fax number 22-40789540
942 ## - ADDED ENTRY ELEMENTS (KOHA)
Source of classification or shelving scheme Dewey Decimal Classification
Item type Periodicals
Serial record 1
Holdings
Withdrawn status Lost status Source of classification or shelving scheme Damaged status Not for loan Collection code Home library Current library Date acquired Total Checkouts Date last seen Price effective from Koha item type
    Dewey Decimal Classification   Not For Loan Non-fiction D.B.Act.Division D.B.Act.Division 31/03/2010   31/03/2010 31/03/2010 Periodicals

© Delhi Public Library
Hit Counter
free hit counter